000 01510 am a2200565 a 4500
005 20240701093044.0
008 100908s2000||||ag a f |||| 001 0 spa d
020 _a9504383130
041 _aspa
092 _c616.0757
_l29
_sGIM
100 1 _aGiménez, Carlos R.
_91432
245 _aManual de diagnóstico por imágenes y terapia radiante.
_bT.1 /
_cCarlos R. Giménez.
250 _a1a ed.
260 _aRosario [Santa Fe ; Argentina]:
_bEl autor;
_c2000.
300 _a1-239 p.
_bil.
500 _aGiménez, C. R. (2000). Manual de diagnóstico por imágenes y terapia radiante. T.1 (1a ed.). Santa Fe : El autor.
590 _aLos inventarios: 694 dado de baja por perdida y el 691 ubicado en caja por faltante de hojas.
653 _aFundamentos de radiología
653 _aTerapia radiante
653 _aCuello
653 _aCuello y laringe
653 _aGlándulas salivales
653 _aTiroides
653 _aParatiroides
653 _aTórax
653 _aPared torácica y pleura
653 _aMediastino
653 _aCorazón
653 _aAorta
653 _aAbdomen
653 _aRetroperitoneo y urinario
930 _a690
930 _a692
930 _a693
930 _a695
930 _a696
930 _a697
930 _a698
930 _a699
930 _a700
930 _a701
930 _a702
930 _a703
930 _a704
930 _a705
930 _a706
930 _a707
930 _a708
942 _2ddc
_cBK
999 _c710
_d710